Století odchází světla a stíny "belle époque"

Salvato in:
Dettagli Bibliografici
Autore principale: Křivský, Petr
Altri autori: Skřivan, Aleš
Natura: Libro
Lingua:ceco
Pubblicazione: Praha Mladá fronta 1982
Serie:Archiv sv. 33
Tags: Aggiungi Tag
Nessun Tag, puoi essere il primo ad aggiungerne!!

MARC

LEADER 00000nam a2200000 4500
001 c131332
005 20041019155252.1
041 0 |a cze 
044 |a CZ 
245 1 0 |a Století odchází  |b světla a stíny "belle époque"  |c Petr Křivský, Aleš Skřivan 
264 1 |a Praha  |b Mladá fronta  |c 1982 
300 |a 335 s. 
490 1 |a Archiv  |v sv. 33 
830 0 |a Archiv  |v sv. 33 
100 1 |a Křivský, Petr 
700 1 |a Skřivan, Aleš